| 000 | 00815cab a22001935a 4500 | ||
|---|---|---|---|
| 001 | L150858 | ||
| 008 | 100908e20100814xxk 000 0 eng d | ||
| 035 | _a(Sirsi) u150858 | ||
| 041 | 0 | _aeng | |
| 100 | 1 | _aDollar, Peta | |
| 245 | 0 | 0 | _aGet some satisfaction |
| 260 | _c2010 | ||
| 490 |
_aEstates Gazette _v(1032) 14 August 2010, 58-59(2) |
||
| 520 | _aPlanning law relating to conditional contracts and options. Includes information on satisfactory planning permission, quashing of permission after grant and longstop date period. With several cases which highlight the potential problems when conditional contracts do not provide for planning issues. Second of two articles. | ||
| 590 | _aKA | ||
| 651 | 4 |
_aEngland _y886- |
|
| 690 | _aENVIRONMENT AND LAND CONSULTANCY-PLANNING AND DEVELOPMENT | ||
| 942 | _n0 | ||
| 999 |
_c82654 _d82654 |
||